Govt. of
Madhya Pradesh

Normal view MARC view

Entry Personal Name

Number of records used in: 1

001 - CONTROL NUMBER

  • control field: 83623

003 - CONTROL NUMBER IDENTIFIER

  • control field: OSt

005 - DATE AND TIME OF LATEST TRANSACTION

  • control field: 20260115161834.0

008 - FIXED-LENGTH DATA ELEMENTS

  • fixed length control field: 260115|| aca||aabn | a|a d

040 ## - CATALOGING SOURCE

  • Original cataloging agency: OSt
  • Transcribing agency: OSt

100 ## - HEADING--PERSONAL NAME

  • Personal name: वाजपेयी,केशव प्रसाद

670 ## - SOURCE DATA FOUND

  • Source citation: Work cat.: (OSt)68564: वाजपेयी,केशव प्रसाद , मनुस्‍मृति की राजनीति धर्म और दर्शन , 2021